• 首页
  • 本馆介绍
  • 公告通知
  • 最新文献
  • 馆藏检索
  • 电子资源
  • 读者导购
  • 参考咨询
  • 我的图书馆
  • 登录
  • 详细信息显示
  • 放入我的书架
  • 预约/预借图书
  • 作者相关作品
  • 分类相关作品
  • 丛书相关作品
  • 出版社相关作品

书目信息

  • 表格格式
  • 工作单格式
  • 卡片格式
题名:
全球科技创新与大国博弈
    
 
作者: 肯尼迪 著 ;卢苗苗 译
分册:  
出版信息: 北京   中信出版集团  2021
页数: 18,272页
开本: 21cm
丛书名:
单 册:
中图分类: F113.2 , D81
科图分类:
主题词: 技术革新--研究--世界 , 国际关系--研究
电子资源:
ISBN: 978-7-5217-2729-6
000 01460nam0 2200289 450
001 2148040067
005 20211116132045.04
010    @a978-7-5217-2729-6@dCNY68.00
100    @a20210417d2021 em y0chiy50 ea
101 1  @achi@ceng
102    @aCN@b110000
105    @aa az 000yy
200 1  @a全球科技创新与大国博弈@9quan qiu ke ji chuang xin yu da guo bo yi@dThe conflicted superpower: America's collaboration with China and India in global innovation@f(美)安德鲁·B. 肯尼迪(Andrew B. Kennedy)著@g卢苗苗译@zeng
210    @a北京@c中信出版集团@d2021
215    @a18,272页@c图@d21cm
314    @a安德鲁·B. 肯尼迪,澳大利亚国立大学克罗弗德公共政策学院高级讲师、外交政策学者。
320    @a有书目 (第236-269页)
330    @a本书以创新全球化为出发点,围绕高科技的发展阐述美国、中国及印度在拥抱创新时的应对策略。长久以来在世界舞台占据主导地位的美国,面对人才的跨境流动和研发活动的全球化将做何反应?在移民与反移民的浪潮中,美国政府该如何抉择?中国和印度作为两大新兴大国如何抓住科技革命带来的新机遇?中国和印度如何为发展本国经济吸引优秀人才?本书针对这些问题一一进行了解答。
510 1  @aConflicted superpower: America's collaboration with China and India in global innovation@zeng
606 0  @a技术革新@x研究@y世界
606 0  @a国际关系@x研究
690    @aF113.2@v5
690    @aD81@v5
701  0 @c(美)@a肯尼迪@9ken ni di@cKennedy, Andrew B.@4著
702  0 @a卢苗苗@9lu miao miao@4译
801  0 @aCN@b山东中教@c20211112
905    @aZUCC@dF113.2@e4
    
    全球科技创新与大国博弈=The conflicted superpower: America's collaboration with China and India in global innovation/(美)安德鲁·B. 肯尼迪(Andrew B. Kennedy)著/卢苗苗译.-北京:中信出版集团,2021
    18,272页:图;21cm
    
    
    ISBN 978-7-5217-2729-6:CNY68.00
    本书以创新全球化为出发点,围绕高科技的发展阐述美国、中国及印度在拥抱创新时的应对策略。长久以来在世界舞台占据主导地位的美国,面对人才的跨境流动和研发活动的全球化将做何反应?在移民与反移民的浪潮中,美国政府该如何抉择?中国和印度作为两大新兴大国如何抓住科技革命带来的新机遇?中国和印度如何为发展本国经济吸引优秀人才?本书针对这些问题一一进行了解答。
●
相关链接 在五车中查询图书 在当当中查询图书 在豆瓣中查询图书


正题名:全球科技创新与大国博弈     索取号:F113.2/4         预约/预借

序号 登录号 条形码 馆藏地/架位号 状态 备注
1 2000887308   2000887308   第三书库/ [索取号:F113.2/4] 在馆    
2 2000887309   2000887309   第三书库/ [索取号:F113.2/4] 在馆    
3 2000887310   2000887310   第三书库/ [索取号:F113.2/4] 在馆    
山东省滨州职业学院图书馆 欢迎您!
大连网信软件有限公司© 版权所有